000 01164cam a2200313 i 4500
999 _c10579
_d10579
001 18083256
003 GZU
005 20220609103623.0
008 140327s2014 nyu 000 0 eng
010 _a 2014012184
020 _a9781138786677 (hardback)
020 _a9781138786684 (pbk.)
020 _z9781315767154 (ebook)
040 _aDLC
_beng
_cDLC
_erda
042 _apcc
050 0 0 _aHE571
_b.BRA 2014
100 1 _aBranch, Alan E.
_eauthor
240 1 0 _aElements of shipping
245 1 0 _aBranch's elements of shipping /
_cAlan E. Branch and Michael Robarts.
250 _aNinth edition.
264 1 _aNew York :
_bRoutledge, Taylor & Francis Group,
_c2014.
300 _axxv, 500 pages ;
_c24 cm
650 0 _aShipping.
700 1 _aRobarts, Michael.
_eauthor
775 0 8 _iRevision of:
_aBranch, Alan E.
_tElements of shipping
_dLondon : Chapman and Hall, [1964] $w (DLC) 67059643
906 _a7
_bcbc
_corignew
_d1
_eecip
_f20
_gy-gencatlg
942 _2lcc
_cBK
_eNinth edition
_h571
_iBRA
_kHE